000 00603nam a2200205Ia 4500
001 14902
003 GE_BSU
008 181216s||||||||xx |||||||||||||| ||und||
040 _cGE_BSU
080 _a514.12(075.8)
100 _aБахвалов,С.В. Бабушкин,Л.И. Иваницкая,В.П.
245 _aАналитическая геометрия
245 _cПод.ред.С.В.Бахвалова
260 _aМосква
260 _bУчпедгиз
260 _c1962
300 _a367стр.22см.
653 _aАналитическая геометрия
942 _cBK
999 _c48022
_d48022